Development assistance, export promotion, and environmental technology (Бичлэгийн дугаар. 146146)
| 000 -УДИРДЛАГА | |
|---|---|
| Удирдлага | 00759nam a22002417a 4500 |
| 003 - ХЯНАЛТЫН ТОО ТОДОРХОЙЛОГЧ | |
| Код | MN-UlNUM |
| 005 - БИЧИЛТ ХИЙСЭН ОГНОО | |
| Тухайн бичилтийг бичсэн засварласан сүүлийн огноо | 20260109160943.0 |
| 008 - ЕРӨНХИЙ МЭДЭЭЛЭЛ | |
| Ерөнхий мэдээлэл | 260109s1993 dcuab|f| |||| 00| 0 eng c |
| 020 ## - ISBN | |
| ISBN | 0160418526 |
| 040 ## - БИЧЛЭГ ҮҮСГЭГЧ БАЙГУУЛЛАГА | |
| Бичлэг үүсгэгч номын сангийн код | МУИС-ийн номын сан |
| 084 ## - ББК АНГИЛАЛ | |
| Нэмэлт тусгалт | Бусад |
| ББК ангилал | 65.29 |
| Зохиогчийн гурван тэмдэгт | D 49 |
| Мэдлэгийн ялгаа | 65 - Эдийн засаг |
| 245 00 - ҮНДСЭН ГАРЧИГ | |
| Номын нэр | Development assistance, export promotion, and environmental technology |
| 260 ## - ГАРАЛТЫН МЭДЭЭ | |
| Хэвлэгдсэн газар | Washington, DC : |
| Хэвлэлийн газар | Office of Technology Assessment, U.S. Congress : |
| Хэвлэгдсэн он | 1993 |
| 300 ## - МАТЕРИАЛЫН ТОДОРХОЙЛОЛТ | |
| хуудасны тоо | vii, 98 p. : |
| Бусад тоон мэдээлэл | ill. ; |
| Хэмжээ | 26 cm. |
| 500 ## - Тайлбар | |
| Дансны дугаар | БС 4922 |
| 546 ## - ХЭЛНИЙ ТУХАЙ МЭДЭЭ | |
| Хэл | Англи хэл дээр, |
| 653 ## - Түлхүүр үг | |
| Түлхүүр үг | economic assistance, American |
| 653 ## - Түлхүүр үг | |
| Түлхүүр үг | technical assistance, American |
| 653 ## - Түлхүүр үг | |
| Түлхүүр үг | foreign trade promotion |
| 942 ## - ЭЛЕМЕНТИЙН ТӨРӨЛ | |
| Зүйлийн төрөл | Ном |
